Skip to main content
Your cart is empty.
Your lists
Log in to create your own lists
Your cookies
العربية
English
العربية
Home
Search
Advanced search
Authority search
About
The noble scholar, jurist, historian
His Excellency Dr. Abdul Wahhab bin Ibrahim Abu Sulaiman, may Allah have mercy on him.
He was born in Umm Al-Qura in the year 1356 AH.
Library catalog
Title
Author
Subject
ISBN
ISSN
Series
Call number
Log in to your account
×
Login:
Password:
Home
MARC view: قضايا الشباب :
Normal view
MARC view
ISBD view
قضايا الشباب : (Record no. 6716)
[
view plain
]
MARC details
000 -LEADER
fixed length control field
01610cam a22003011i 4500
003 - CONTROL NUMBER IDENTIFIER
control field
SA-RiAUC
005 - DATE AND TIME OF LATEST TRANSACTION
control field
20250407064857.0
008 - FIXED-LENGTH DATA ELEMENTS--GENERAL INFORMATION
fixed length control field
250406s2006 su ad f f10010 ara c
020 ## - INTERNATIONAL STANDARD BOOK NUMBER
International Standard Book Number
9960959422
040 ## - CATALOGING SOURCE
Original cataloging agency
SA-RiKAPL
Language of cataloging
ara
Transcribing agency
SA-RiAUC.
Description conventions
rda
043 ## - GEOGRAPHIC AREA CODE
Geographic area code
a-su---
082 04 - DEWEY DECIMAL CLASSIFICATION NUMBER
Classification number
305.242
Assigning agency
SA-RiAUC
090 ## - LOCALLY ASSIGNED LC-TYPE CALL NUMBER (OCLC); LOCAL CALL NUMBER (RLIN)
Classification number (OCLC) (R) ; Classification number, CALL (RLIN) (NR)
305.242
Local cutter number (OCLC) ; Book number/undivided call number, CALL (RLIN)
ل ق ا
111 2# - MAIN ENTRY--MEETING NAME
Meeting name or jurisdiction name as entry element
اللقاء الوطني للحوار الفكري
Number of part/section/meeting
(4 :
Date of meeting or treaty signing
1425 هجري :
Location of meeting
الظهران، السعودية)
245 10 - TITLE STATEMENT
Title
قضايا الشباب :
Remainder of title
الواقع، والتطلعات /
Statement of responsibility, etc.
[تنظيم] مركز الملك عبد العزيز للحوار الوطني.
264 #1 - PRODUCTION, PUBLICATION, DISTRIBUTION, MANUFACTURE, AND COPYRIGHT NOTICE
Place of production, publication, distribution, manufacture
الرياض :
Name of producer, publisher, distributor, manufacturer
مركز الملك عبد العزيز للحوار الوطني،
Date of production, publication, distribution, manufacture, or copyright notice
2006
300 ## - PHYSICAL DESCRIPTION
Extent
82 صفحة :
Other physical details
جداول، رسوم بيانية ؛
Dimensions
21 سم.
336 ## - CONTENT TYPE
Content type term
نص
Content type code
txt
Source
rdacontent
Materials specified
كتاب
337 ## - MEDIA TYPE
Media type term
بدون وسيط
Media type code
n
Source
rdamedia
338 ## - CARRIER TYPE
Carrier type term
مجلد
Carrier type code
nc
Source
rdacarrier
490 1# - SERIES STATEMENT
Series statement
سلسلة الدراسات ؛
Volume/sequential designation
2
500 ## - GENERAL NOTE
General note
يشتمل هذا الكتاب على أوراق عمل اللقاء الوطني الرابع للحوار الفكري والذي عقد في الفترة من 24-26 شوال 1425 هـ الموافق 7-9 ديسمبر 2004 م.
650 #7 - SUBJECT ADDED ENTRY--TOPICAL TERM
Topical term or geographic name entry element
الشباب
Geographic subdivision
السعودية
General subdivision
أحوال اجتماعية
Form subdivision
مؤتمرات
Source of heading or term
aucsh
710 2# - ADDED ENTRY--CORPORATE NAME
Corporate name or jurisdiction name as entry element
مركز الملك عبد العزيز للحوار الوطني
Relator term
منظم.
830 #0 - SERIES ADDED ENTRY--UNIFORM TITLE
Uniform title
سلسلة الدراسات (مركز الملك عبد العزيز للحوار الوطني)
Volume/sequential designation
2
942 ## - ADDED ENTRY ELEMENTS (KOHA)
Source of classification or shelving scheme
Dewey Decimal Classification
Koha item type
Books
Suppress in OPAC
No
949 ## - LOCAL PROCESSING INFORMATION (OCLC)
a
SA-JeALM
d
250406
u
osman123
n
1
Holdings
Withdrawn status
Lost status
Source of classification or shelving scheme
Damaged status
Not for loan
Home library
Current library
Date acquired
Total checkouts
Full call number
Barcode
Date last seen
Price effective from
Koha item type
Dewey Decimal Classification
DR AbdElwahab Library
DR AbdElwahab Library
04/07/2025
305.242 ل ق ا
000011472
04/07/2025
04/07/2025
Books
Place hold
Print
Add to your cart
(remove)
Save record
BIBTEX
Dublin Core
MARCXML
MARC (non-Unicode/MARC-8)
MARC (Unicode/UTF-8)
MARC (Unicode/UTF-8, Standard)
MODS (XML)
RIS
ISBD
More searches
Search for this title in:
Other Libraries (WorldCat)
Other Databases (Google Scholar)
Online Stores (Bookfinder.com)
Open Library (openlibrary.org)
Exporting to Dublin Core...
×
Simple DC-RDF
OAI-DC
SRW-DC